000 00765cam a2200205 4500
008 020527n2005 000 0 eng u
020 _a1904829244
035 _a(Sirsi) u132546
041 _aeng.
050 _a690.24
110 _aBuilding Maintenance Information
_93229
245 _aReview of occupancy costs 2005
260 _aLondon
_bBCIS
_c2005
300 _a101p.
_c30cm.
490 _aBMI Special Report
_v343
520 _aContains estimates of the annual average occupancy costs (cleaning, utilities and administrative costs) for a range of building types. The costs are based on a survey of published data and unpublished BMI studies.
650 _aOCCUPANCY COSTS
690 _aBUILDING AND CONSTRUCTION-REPAIRS AND MAINTENANCE
942 _n0
999 _c105181
_d105181